| 000 | 00888cam a22003017a 4500 | ||
|---|---|---|---|
| 003 | CHAP | ||
| 005 | 20220817040920.0 | ||
| 008 | 971013s1990 it r 00010 eng d | ||
| 010 | _a2635 | ||
| 011 | _a3607 | ||
| 035 | _a2808 | ||
| 040 | _cCHAP | ||
| 082 | 1 | 0 |
_a639.2 _bF46 v.434 |
| 110 | 2 | _aFAO | |
| 245 | 1 | 0 | _aReport of the expert consultation on large-scale pelagic driftnet fishing |
| 260 |
_aRome : _bFAO, _c1990 |
||
| 300 |
_a78 p. _b: ilus. ; gráfs. |
||
| 490 | 0 |
_aFAO. Informe de pesca _v; 434 |
|
| 590 |
_aBATCH-UPD _b10 _c20130110 _lUCH01 _h1043 |
||
| 590 |
_aCONVERSION _b10 _c20130109 _lUCH01 _h1303 |
||
| 650 | 1 | 4 | _aPesca. |
| 650 | 1 | 4 |
_aRedes de pesca. _995383 |
| 830 | 0 |
_aFAO. Informe de pesca _v; 434 _939587 |
|
| 901 | _aBK | ||
| 905 | _aPatricia Mendoza P. | ||
| 942 | _cLIBRO | ||
| 949 |
_a639.2 F46 v.434 _bBC _cFAO _d33724000757290 _eFAO1 _gDonaciØn _h97517 _i2808 _sb |
||
| 999 |
_c2635 _d2635 |
||